| 000 | 00790nam a22001815i 4500 | ||
|---|---|---|---|
| 001 | 157007 | ||
| 003 | ES-MaACL | ||
| 005 | 20230906210544.0 | ||
| 008 | 040806s1878 fr |||| | fre d | ||
| 040 |
_aCAM _bspa _cCAM |
||
| 100 | 1 |
_aLanfranc de Panthou, Octave-François. _9128661 |
|
| 245 | 1 | 0 |
_aEtudes de législation comparée _b: les codes français comparés aux codes de Genève, de Belgique et d'Allemagne / _cpar Lanfranc de Panthou. |
| 260 |
_aParis : _bLarose libraire-éditeur, _c1878 ( _eCaen : _fTyp. F. Le Branc-Hardel) |
||
| 300 |
_a332 p. ; _c22 cm. |
||
| 500 | _aEn verso de la port. consta: Extrait des Mémoires de l'Académie des Sciences, Arts et Belles-Lettres de Caen. | ||
| 651 | 4 |
_aFrancia- _xLegislación. _9137180 |
|
| 852 |
_aES-MaACL _jF-10439 _z-- Enc. hol. |
||
| 999 |
_c157007 _d157007 |
||